| 000 | 00755nam a2200241 a 4500 | ||
|---|---|---|---|
| 001 | BRL_1339 | ||
| 005 | 20190320211145.0 | ||
| 008 | 070114s1978----mx-#######---#000-0#spa-# | ||
| 041 | _aspa | ||
| 044 | _amx | ||
| 050 | 4 |
_aF1219.3 _b.I53 1978 |
|
| 245 | 1 | 0 |
_aIndigenismo _bevaluación de una práctica _cJosé Velasco Toro ...[et al.] |
| 260 |
_aMéxico _bInstituto Nacional Indigenista _c1978 |
||
| 300 |
_a152 p. _c23 cm. |
||
| 440 | 0 |
_aInvestigaciones sociales _v1 _926574 |
|
| 500 | _aAu1566 | ||
| 504 | _aIncluye bibliografía | ||
| 650 | 1 | 4 |
_aIndígenas de México _xRelaciones con los gobiernos _926575 |
| 650 | 1 | 4 |
_aIndígenas de México _xCondiciones sociales _923211 |
| 700 | 1 |
_aVelasco Toro, José _926576 |
|
| 902 | _aGRL | ||
| 942 |
_2lcc _cB |
||
| 999 |
_c10151 _d10151 |
||